000 01203cab a2200229 4500
001 L139769
008 070117e20070710 f s 000 0 eng u
035 _a(Sirsi) u139769
041 0 _aeng
050 _a333.333 $2 18
110 1 _aNationwide Building Society
_91019
245 0 0 _aNationwide quarterly review of house prices
_bJuly 2007
_h[electronic resource]
260 _aLondon
_bNationwide
_c2007
490 0 _aNationwide Quarterly Review of House Prices
_vJuly 2007
520 _aAll UK house prices grew in the second quarter of 2007, but the rate of growth is slowing. Some prices in Northern Ireland are now on a par with London, but growth has slowed following the record of the first quarter. The average house price for first-time buyers in London approached £250 000. Prices grew faster in the south of England than in the North. The average house price was £181 810.
590 _aKA
650 2 4 _aNATIONWIDE QUARTERLY REVIEW OF HOUSE PRICES
651 4 _aUnited Kingdom
_y
690 _aPROPERTY-RESIDENTIAL PROPERTY-RESIDENTIAL PROPERTY MARKET
856 4 0 _uhttps://nationwide.co.uk/hpi/review.htm
_zView the review free of charge at http://nationwide.co.uk...
942 _n0
999 _c107341
_d107341